Catálogo

LATIN AMERICAN DEBT (Registro nro. 8602)

Detalles MARC
000 -LEADER
fixed length control field 00424nam a2200157 a 4500
001 - CONTROL NUMBER
control field 8602
005 - DATE AND TIME OF LATEST TRANSACTION
control field 20180713192540.0
008 - FIXED-LENGTH DATA ELEMENTS--GENERAL INFORMATION
fixed length control field 140415s1988 000 0 spa d
041 ## - LANGUAGE CODE
Language code of text/sound track or separate title spa
082 ## - DEWEY DECIMAL CLASSIFICATION NUMBER
Classification number 336.343598
Item number KUC
100 1# - MAIN ENTRY--PERSONAL NAME
Personal name KUCZYNSKI, PEDRO-PABLO
245 10 - TITLE STATEMENT
Title LATIN AMERICAN DEBT
260 ## - PUBLICATION, DISTRIBUTION, ETC.
Place of publication, distribution, etc. [s.l.] :
Name of publisher, distributor, etc. TWENTIETH CENTURY FUND,
Date of publication, distribution, etc. 1988
300 ## - PHYSICAL DESCRIPTION
Extent 258
650 14 - SUBJECT ADDED ENTRY--TOPICAL TERM
Topical term or geographic name entry element DEUDA EXTERIOR
General subdivision AMERICA LATINA
Existencias
Withdrawn status Lost status Source of classification or shelving scheme Damaged status Not for loan Collection code Home library Current library Shelving location Date acquired Source of acquisition Inventory number Total Checkouts Full call number Barcode Date last seen Price effective from Koha item type
    Dewey Decimal Classification     General Biblioteca Karol Wojtyla Biblioteca Karol Wojtyla Sala general 03/12/2013 Compra 151000000000000000052223   336.343598 KUC 22457 05/01/2026 03/12/2013 Libro